Korean Drama from KBS that I've Watched Quiz Stats

 Plays Quiz not verified by Sporcle

Support Sporcle.
Go Orange.
Score 0/34 Timer 15:00
0 Plays Today
Title % Correct
Descendants of the sun
82.4%
Boys Over Flowers
64.7%
Dream High
58.8%
Dream High 2
52.9%
School 2013
52.9%
School 2015
52.9%
School 2017
52.9%
Angel's Last Mission: Love
52.9%
Big
47.1%
Cheer Up
47.1%
Uncontrollably Fond
47.1%
Love Rain
41.2%
Prime Minister and I
41.2%
Fight for My Way
41.2%
Orange Marmalade
41.2%
Full House
35.3%
Oh My Venus
35.3%
Title % Correct
Producers
29.4%
Autumn in my heart
29.4%
Moonlight Drawn by Clouds
29.4%
Hi School Love On
29.4%
Radio Romance
29.4%
Winter Sonata
23.5%
Pretty Man
23.5%
Spring Waltz
17.6%
What Happens to my family
17.6%
You are my destiny
17.6%
Girls Generation 1979
17.6%
I Wanna Hear Your Song
17.6%
King of Baking
17.6%
You are the Best
17.6%
Marry Stayed out All Night
11.8%
To Jenny
11.8%
Romance Town
5.9%

You're not logged in!

Compare scores with friends on all Sporcle quizzes.
OR
Log In
Forgot?

From the Vault

A Big Mac Delight!

by sgeoghegan2002

This is probably the first time you'll be eating a burger from the top down.
Remove Ads.
Support Sporcle.
Get the best of Sporcle when you Go Orange. This ad-free experience offers more features, more stats, and more fun while also helping to support Sporcle. Thank you for becoming a member.

Show Comments

Extras

Created Feb 24, 2020ReportNominate
Tags:Ive, K-drama, Watched

Top Quizzes Today


Score Distribution

Your Account Isn't Verified!

In order to create a playlist on Sporcle, you need to verify the email address you used during registration. Go to your Sporcle Settings to finish the process.

Report this User

Report this user for behavior that violates our Community Guidelines.

Details: